000 005110000a22002050004500
003 LK-CoMWRAF
005 20230907220725.0
008 230817t1998 ||||| |||| 00| 0 eng d
020 _a06888158234
040 _aLK-CoMWRAF
_dLK-CoMWRAF
_eLK-CoMWRAF
041 _aeng
082 _a305.42
_bDIR
100 _aDirie, Waris
100 _aMiller, Cathleen
245 _aDesert flower
260 _aNew York :
_bQuill William Morrow,
_c1999
300 _a228p
650 _aWomen social conditions
942 _cBK
999 _c566
_d566